000
00255nam a22001097a 4500
082
_a
668.4 PRA'I
100
_a
PRAGER, WILLIAM
_9
58403
245
_a
AN INTRODUCTION TO PLASTICITY
260
_a
LONDON
_b
ADDISON WESLEY
_c
1959
300
_a
148P
942
_c
BK
999
_c
568604
_d
568604